000 00722nam a2200229Ia 4500
001 9679
003 GE_BSU
008 181216s||||||||xx |||||||||||||| ||und||
040 _cGE_BSU
080 _a821.353.1–31
100 _aმექვაბიშვილი,ს.
245 _aუღელტეხილთან
245 _bრომანი
245 _cრედ.ი.ხოშტარია,მხატვ.ზ.კაპანაძე
260 _aთბილისი
260 _bსაბჭოთა საქართველო
260 _c1960
300 _a285გვ.ილ.23სმ.
653 _aრომანი
653 _aუღელტეხილთან
942 _cBK
999 _c42962
_d42962